Logo BPK

Bibliografia Prac Pracowników

Politechniki Koszalińskiej

Ocena zdolności oczyszczających kilku rodzajów ośrodka porowatego / (Rekord nr 6571)

Szczegóły MARC
000 -ETYKIETA REKORDU
podpole kontrolne o stałej długości 01000naa a2200217 i 4500
001 - NUMER KONTROLNY REKORDU
podpole kontrolne BPP
003 - IDENTYFIKATOR NUMERU KONTROLNEGO REKORDU
podpole kontrolne BPK
005 - DATA OSTATNIEJ MODYFIKACJI REKORDU
podpole kontrolne 20160108133410.0
008 - POLE O STAŁEJ DŁUGOŚCI - DANE KONTROLNE
podpole kontrolne o stałej długości 150114s1984 pl f |100 0 pol
040 ## - ŹRÓDŁO KATALOGOWANIA
Instytucja, która utworzyła rekord BPK
080 ## - UNIWERSALNA KLASYFIKACJA DZIESIĘTNA - UKD
UKD 628.1/.3
100 ## - NAZWA OSOBOWA
Nazwa osobowa EWERTOWSKA-MADEJ, Zofia.
Lata pracy 1978 - 1996.
Instytucja Wyższa Szkoła Inżynierska w Koszalinie - Wydział Inżynierii Lądowej i Sanitarnej,
Wydział Zakład Biologii i Chemii Sanitarnej
245 ## - TYTUŁ/ODPOWIEDZIALNOŚĆ
Tytuł Ocena zdolności oczyszczających kilku rodzajów ośrodka porowatego /
Pozostałe elementy strefy tytułu i oznaczenia odpowiedzialności Zofia Ewertowska-Madej.
260 ## - STREFA ADRESU WYDAWNICZEGO
Data publikacji, dystrybucji/powstania dokumentu 1984.
500 ## - UWAGI OGÓLNE
Tekst uwagi Dane z kartoteki bpp.
650 #0 - HASŁO PRZEDMIOTOWE W FORMIE NAZWY OGÓLNEJ LUB JEDNOSTKOWEJ
Nazwa ogólna lub geograficzna Oczyszczalnia ścieków.
655 #0 - TERMIN INDEKSOWY - OKREŚLENIE RODZAJU/FORMY DOKUMENTU
Określnie rodzaju/formy dokumentu Materiały konferencyjne.
711 ## - HASŁO DODATKOWE - NAZWA IMPREZY
Nazwa imprezy Wpółczesne problemy inżynierii środowiska : Sympozjum Naukowo-Techniczne
Data imprezy (1984 ;
Miejsce imprezy Koszalin, Polska).
773 ## - TYTUŁ DOKUMENTU MACIERZYSTEGO
Wyrażenie wprowadzające W :
Tytuł Współczesne problemy inżynierii środowiska : Sympozjum Naukowo-Techniczne : materiały konferencyjne. -
Adres wydawniczy Koszalin : Dział Poligrafii WSInż., 1984. -
Informacje dotyczące relacji s. 21-38
942 ## - HASŁO DODATKOWE - ELEMENTY(KOHA)
Typ dokumentu Artykuł
Schemat klasyfikacji Uniwersalna klasyfikacja dziesiętna

Brak dostępnych egzemplarzy.

© 2014 Biblioteka Politechniki Koszalińskiej :: BIBLIOGRAFIA PRAC PRACOWNIKÓW